MARC

LEADER 00000nam0a2200000 4500
001 157001
005 20231031153453.0
035 |a (RuTPU)RU\TPU\book\170260 
090 |a 157001 
100 |a 20090401d1957 m y0rusy50 ca 
101 0 |a rus 
102 |a RU 
105 |a af z 001zy 
200 1 |a Геологическое строение юга Сибирской платформы и нефтеносность кембрия  |f В. Г. Васильев [и др.]  |g Всесоюзный научно-исследовательский институт геофизических методов разведки ; под ред. А. А. Борисова 
210 |a Москва  |c Гостоптехиздат  |d 1957 
215 |a 228 с.  |c ил. 
320 |a Библиогр.: с. 224-227. 
610 1 |a геология 
610 1 |a геологическое строение 
610 1 |a Сибирская платформа 
610 1 |a нефтеносность 
610 1 |a кембрий 
610 1 |a тектоника 
610 1 |a кембрийские отложения 
610 1 |a нефтеносные районы 
675 |a 55  |v 3 
701 1 |a Васильев  |b В. Г.  |g Виктор Григорьевич 
701 1 |a Каленов  |b Е. Н.  |g Евгений Николаевич 
701 1 |a Карасев  |b И. П.  |g Иван Петрович 
701 1 |a Кравченко  |b Е. В.  |g Евгений Васильевич 
701 1 |a Мандельбаум  |b М. М.  |g Марк Миронович 
702 1 |a Борисов  |b А. А.  |4 340 
712 0 2 |a Всесоюзный научно-исследовательский институт геофизических методов разведки  |2 stltpush  |3 (RuTPU)RU\TPU\col\12036 
801 1 |a RU  |b 63413507  |c 20090401  |g PSBO 
801 2 |a RU  |b 63413507  |c 20090716  |g PSBO 
942 |c BK